000
00220nam a2200097Ia 4500
008
120527s9999 xx 000 0 und d
100
_a
KUMIN,Maxine.
245
_a
Looking for luck poems.
260
_b
Norton
942
_c
BK
999
_c
23955
_d
23955